000 00281nam a22001337a 4500
008 181029b xxu||||| |||| 00| 0 eng d
020 _a9781423905844
041 _aeng
080 _a004
100 _a28
101 _aSHK
245 _aExcel 2007
_cParsons,J.J
942 _2udc
_cBK
999 _c50961
_d50961